00446 2200181 4500245004100000020001800041250001100059100001700070700002000087700002000107650001700127005001900144260003100163041001400194084001300208300003400221336000900255 aLove Lies Vol. 7cAoki, KotomihText a9786022660576 aCet. 1 aAoki, Kotomi aIne Martiana K. aHimawan Pratama aKomik Jepang a20230908132548 aJakartabPT Gramediac2013 aIndonesia a741.5592 a... jil. :bilus. ;c17,5 cm. atext